1913 1250 1516 1590 1749 1822 1408 1934 1564 1001 1807 1028 1747 1557 1221 1206 1444 1682 1604 1087 1322 1160 1233 1124 1405 1591 1407 1378 1264 1131 1989 1619 1795 1393 1572 1751 1388 1624 1004 1419 1875 1622 1630 1436 1936 1378 1906 1357 1297 1097 1230 1763 1759 1240 1136 1172 1670 1293 1794 1192 1297 1654 1568 1903 1761 1735 1849 1609 1886 1370 1509 1032 1337 1478 1055 1861 1241 1555 1525 1675 1457 1276 1908 1913 1736 1814 1827 1424 1173 1294 1572 1581 1669 1622 1593 1480 1706 1355 1643 BCNSPRNW ULIB Ver.6.0+V

เปลี่ยนเป็นภาษาไทย

Change to English
 แสดงรายละเอียดบรรณานุกรม
  กลับหน้าหลัก

Brief Record : Get Marc (ISO 2709) : E-mail record : QR code < ปิดหน้าต่าง
LEADER : 00000nam 2200000uu 4500
001    13399112247
003     ULIB
008    110802s2554||||th 000 0 tha d
020    9786167057576
090    นว.^bว216ฟ 2554
100 0  วรนิษฐา
245 00 ฟ้าหลงตะวัน/^cวรนิษฐา
260    กรุงเทพฯ:^bSimply book-love novels,^c2554.
300    333 หน้า
945    ^p230^l0^i18465
995    เกษร
999 ^a ใช้งานได้ทุกระบบ
รายการนี้ยังไม่มีแท็ก
คุณยังไม่ได้ล็อกอิน คุณสามารถมีกิจกรรมร่วมกับเว็บไซต์ได้ แต่ต้องล็อกอินก่อน ::
  ล็อกอิน

รายการสื่อสารสนเทศ

ลำดับที่ ประเภท เลขเรียก/บาร์โค้ด สถานที่ สถานะ
1. วิทยาศาสตร์การแพทย์ และสุขภาพ
วิทยาศาสตร์การแพทย์ และสุขภาพ
นว. ว216ฟ 2554  
  Barcode: 18465
ห้องสมุดวิทยาเขตสวรรค์ประชารักษ์
►นวนิยาย
บนชั้น
  ขอยืม

BibComment


ยังไม่เคยถูกคอมเมนท์

คอมเมนท์ทรัพยากรรายการนี้
  คอมเมนท์: ฟ้าหลงตะวัน วรนิษฐา


 Copyright 2026. Bcnsprnw @Library